[Event "Cap d'Agde Avenir op"]
[Site "Cap d'Agde"]
[Date "2008.10.29"]
[Round "6"]
[White "Larny, M."]
[Black "Laurent, Raphael"]
[Result "1-0"]
[WhiteElo "1720"]
[BlackElo "1620"]
[PlyCount "59"]
[EventDate "2008.10.25"]
[EventType "swiss"]
[EventRounds "9"]
[EventCountry "FRA"]
[SourceTitle "EXT 2010"]
[Source "ChessBase"]
[SourceDate "2010.11.25"]
[SourceVersion "1"]
[SourceVersionDate "2010.11.25"]
[SourceQuality "1"]

1. e4 e5 2. Nf3 Nc6 3. Bb5 Bc5 4. 0-0 d6 5. d4 exd4 6. Nxd4 Bd7 7. Nxc6 Bxc6 8. Bxc6+ bxc6 9. Qg4 Bd4 10. c3 Be5 11. Bf4 Bxf4 12. Qxf4 Nf6 13. Re1 0-0 14. Nd2 Qd7 15. Re2 Ng4 16. Nf3 Rfe8 17. h3 Ne5 18. Nxe5 Rxe5 19. Rae1 Qe6 20. b3 Re8 21. f3 Qg6 22. Qg4 Qf6 23. Qd7 Qd8 24. Qxc6 Rc5 25. Qa6 Qb8 26. Qd3 Qb6 27. Kf1 Re6 28. c4 Rg6 29. e5 dxe5 30. Qd8# 1-0